Gaming Quiz

Random Gaming Quiz

Steins; Gate 0 Characters Quiz Stats

 Plays Quiz not verified by Sporcle

Score 0/11 Timer 02:30
0 Plays Today
% Correct
Makise Kurisu
97%
Okabe Rintaro
96.3%
Shiina Mayuri
94.1%
Kiryuu Moeka
93.3%
Daru
92.6%
Hiyajo Maho
91.9%
Shiina Kagari
88.9%
Urushibara Luka
88.1%
Amane Suzuha
87.4%
Amane Yuki
86.7%
Fayris NyanNyan
80.7%

You're not logged in!

Compare scores with friends on all Sporcle quizzes.
OR
Log In

Show Comments

Extras

Top Quizzes Today


Score Distribution

Your Account Isn't Verified!

In order to create a playlist on Sporcle, you need to verify the email address you used during registration. Go to your Sporcle Settings to finish the process.

Report this User

Report this user for behavior that violates our Community Guidelines.

Details: